000 00310nam a22001337a 4500
008 171010b xxu||||| |||| 00| 0 eng d
020 _a9780495093251
041 _aeng
080 _211 ED
_a316
100 _a50
101 _aSOC
245 _aTHE PRACTICE SOCIAL RESEAECH
_cBABBIE.E
942 _2udc
_cBK
999 _c32815
_d32815